000 00242nam a2200097Ia 4500
005 20251222114354.0
008 251222s1900||||xx |||||||||||||| ||spa||
082 _aDVD0070/B45G/2004
245 0 _aGritos y susurros:Cries and Whispers
942 _cDVD
999 _c1368
_d1368